00897nam a2200217 a 450000100100000000500170001000800410002702000150006804000250008310000380010824500880014626000750023430000210030949000190033050000420034950400290039183000260042095201050044695201110055199900170066200004297120201002040535.0140213s2003 xxu 000 0 spa d a9977060126 aDO-SdBNPbspacBNPHU1 aGómez Colomer, Juan Luis97045210aJuicio penal con jurado en la España democrática. /cJuan Luis Gómez Colomer. aMiami, Florida, :bCentro para la Administración de Justicia,c2003. a101 p. ;c21 cm.1 aMonografiasv9 aIncluye datos biografícos del autor aBibliografía p: 98-101 0aMonografiasv9915334 001050718MOaGRbGRcCTd2014-02-13iLF1l0o p42971-10r2020-06-25w2020-06-25y1ZNo se presta 001050718MOaGRbGRcCTd2014-02-21iLF1l0o p42971-20r2020-06-25te. 2w2020-06-25y1ZNo se presta c42460d42460